| 000 | 01855cam a22004814i 4500 | ||
|---|---|---|---|
| 003 | PE-LiUPU | ||
| 005 | 20250731173002.0 | ||
| 008 | 150623s r 000 0 d | ||
| 020 | _a0801011574 | ||
| 035 | _a(Sirsi) i9780801011573 | ||
| 040 |
_aPE-LiUPU _bspa _cPE-LiUPU _erda |
||
| 049 | _aPRUA | ||
| 082 | 0 | 4 |
_a283.092 _bM12 _221 |
| 100 | 1 |
_aAlister E., McGrath, _eautor. |
|
| 245 | 1 | 0 |
_aJ. I. Packer : _ba biography / _cAlister McGrath. |
| 264 | 1 |
_aGrand Rapids, Michigan : _bBaker Books, _c1997. |
|
| 300 |
_a340 páginas ; _c24 centímetros |
||
| 336 |
_atext _2rdacontent |
||
| 337 |
_aunmediated _2rdamedia |
||
| 338 |
_avolume _2rdacarrier |
||
| 504 | _aIncluye bibliografía. | ||
| 505 | 0 | _aThe schoolboy: 1926-44. -Oxford: Corpus Christi college, 1944-8. -London: oak hill college. -1948-9. -Oxford: wycliffe hall, 1949-52. -Birmingham: St. John's Harborne, 1952-4. -Bristol: Tyndale hall, 1955-61.-61. -Oxford: latimer house, 1961-70. -Bristol: Tyndale hall, 1970-2. -Bristol: Trinitty college, 1972-91. -Vancouver, BC: regent college, 1979-96. | |
| 526 | _aSEG42 | ||
| 526 | _aSEG41 | ||
| 526 | _aSEG40 | ||
| 526 | _aSEG39 | ||
| 526 | _aP94 | ||
| 526 | _aP87 | ||
| 526 | _aP86 | ||
| 526 | _aP85 | ||
| 526 | _aP77 | ||
| 526 | _aP76 | ||
| 526 | _aP35 | ||
| 600 | 1 | _aPacker, J. I. (James Innell) | |
| 650 | 0 | 4 |
_aAnglicanos _zCanadá _vBiografía. |
| 650 | 0 | 4 |
_aAnglicanos _zInglaterra _xTeatro. |
| 942 |
_2ddc _cBOOK |
||
| 949 |
_a283.092 M12 _wDEWEY _c1 _i45560 _lCCODEBUL1 _mBUL _r0 _sY _tBOOK _u2015-6-24 _xTEOLOGIA _PP35 _0COMPRA _o.STAFF. Colección General |
||
| 994 |
_aC0 _bPEPRU |
||
| 596 | _a1 | ||
| 999 |
_a283.092 M12 _wDEWEY _c22426 _i45560 _f2021-11-11 _g5 _lCCODEBUL1 _mBUL _r0 _sY _tBOOK _u2015-6-24 _xTEOLOGIA _PP35 _0COMPRA _o.STAFF. Colección General _d22426 |
||
| 980 |
_81 _gALBERTO SANCHEZ Responsable de Automatización |
||